| 000 | 01112nam a2200349Ia 4500 | ||
|---|---|---|---|
| 003 | OSt | ||
| 005 | 20220912145210.0 | ||
| 006 | a|||||r|||| 00| 0 | ||
| 007 | ta | ||
| 008 | 220909b |||||||| |||| 00| 0 eng d | ||
| 020 | _a9780199562060 (pbk) | ||
| 024 | _a119714 | ||
| 037 | _b119, 10/02/2011, Malika Books | ||
| 037 | _cTextual | ||
| 040 |
_aCSL _beng _cCSL |
||
| 041 | _aeng | ||
| 082 | _aG11, Q0 CC6 | ||
| 100 | _aCraig Nancy L | ||
| 245 | 0 | _aMolecular biology: Principles of genome function | |
| 260 |
_aOxford _bOxford University Press _c2010 |
||
| 300 |
_axli, 839p. _ccm. |
||
| 500 | _aIncludes bibliographical references.; Glossary 807-826p.; Index 827-839p. | ||
| 650 | _a Biology | ||
| 650 | _a Molecular biology | ||
| 650 | _aBotany | ||
| 700 | _a Cohen-Fix Orna | ||
| 700 | _a Green Rachel | ||
| 700 | _a Greider Carol W | ||
| 700 | _a Storz Gisela | ||
| 942 |
_hG11, Q0 CC6 _cTEXL _2CC |
||
| 999 |
_c25756 _d25756 |
||